| 000 | 00504nam a2200145 a 4500 | ||
|---|---|---|---|
| 001 | 000026589 | ||
| 005 | 20200930030311.0 | ||
| 008 | 110323s1984 dr ac 000 | spa d | ||
| 040 |
_aDO-SdBNP _bspa _cBNPHU |
||
| 111 | 2 |
_aSimposium ( _d1984 dic. 7 : _cOviedo) _953698 |
|
| 245 | 1 | 4 |
_aLas perspectivas de desarrollo agropecuario de Oviedo : _bponencias. |
| 260 |
_aOviedo ; _aRepública Dominicana : _bSecretaría de Estado de Agricultura, _c1984. |
||
| 300 |
_a103 p. : _bil., retrs. ; _c22 cm. |
||
| 049 | _aBNPD | ||
| 999 |
_c26081 _d26081 |
||